000 00609nam a2200229Ia 4500
003 OSt
005 20220918105444.0
006 a|||||r|||| 00| 0
007 ta
008 220915b |||||||| |||| 00| 0 eng d
024 _a97177
037 _cReference Collections
040 _aARTS
_cARTS
_beng
041 _2eng
_aeng
082 _aV1:1k, J7(RR)
100 _aLanger William L ed
_91493
245 0 _aEncyclopedia of World history
260 _c1957
650 _aWORLD HISTORY
_91494
942 _hV1:1k, J7(RR)
_cREF
999 _c107390
_d107390